Mortal Kombat X Mobile Characters - Statistics

General Stats
  • This quiz has been taken 255 times
  • The average score is 75 of 97
Answer Stats
Tier Type Answer % Correct
Bronze Ninja Mime Johnny Cage
95%
Silver none Johnny Cage
95%
Gold Stunt Double Johnny Cage
95%
Gold A-list Johnny Cage
95%
Gold Undead Hunter Johnny Cage
95%
Silver none Sub-Zero
94%
Gold Cryomancer Sub-Zero
94%
Gold Grandmaster Sub-Zero
94%
Gold Kold War Sub-Zero
94%
Gold Revenant Sub-Zero
94%
Gold Klassic Sub-Zero
94%
Silver none Scorpion
92%
Gold Injustice Scorpion
92%
Gold Ninjutsu Scorpion
92%
Gold Inferno Scorpion
92%
Gold Kold War Scorpion
92%
Gold Spec Ops Scorpion
92%
Gold Klassic Scorpion
92%
Diamond Hellspawn Scorpion
92%
Silver Farmer Jax
91%
Silver none Jax
91%
Gold Heavy Weapons Jax
91%
Gold Revenant Jax
91%
Silver Klassic Kitana
89%
Gold Mournful Kitana
89%
Gold Dark Empress Kitana
89%
Gold Day of the Dead Kitana
89%
Gold Assassin Kitana
89%
Silver none Ermac
88%
Gold Spectral Ermac
88%
Gold Master of Souls Ermac
88%
Gold Pharaoh Ermac
88%
Silver none Kenshi
87%
Gold Balanced Kenshi
87%
Gold Possessed Kenshi
87%
Gold Ronin Kenshi
87%
Gold Elder God Kenshi
87%
Silver none Sonya Blade
87%
Gold Demolition Sonya Blade
87%
Gold Tactical Sonya Blade
87%
Gold Kold War Sonya Blade
87%
Gold Klassic Sonya Blade
87%
Silver none Cassie Cage
86%
Gold Undercover Cassie Cage
86%
Gold Covert Ops Cassie Cage
86%
Gold Thunder God Raiden
86%
Gold Dark Raiden
86%
Diamond Klassic Raiden
86%
Gold Hat Trick Kung Lao
84%
Gold Revenant Kung Lao
84%
Gold Shaolin Master Kung Lao
84%
Gold Flaming Fists Liu Kang
83%
Gold Dark Emperor Liu Kang
83%
Silver none Reptile
83%
Gold Noxious Reptile
83%
Gold Nimble Reptile
83%
Gold Kraken Reptile
83%
Silver none Kotal Kahn
77%
Gold Blood God Kotal Kahn
77%
Gold Sun God Kotal Kahn
77%
Gold Dark Lord Kotal Kahn
77%
Silver none Kano
74%
Gold Cutthroat Kano
74%
Gold Commando Kano
74%
Gold Klassic Kano
74%
Gold Piercing Mileena
74%
Diamond Ravenous Mileena
74%
Silver none D'Vorah
73%
Gold Swarm Queen D'Vorah
73%
Gold Venomous D'Vorah
73%
Gold Gunslinger Erron Black
72%
Diamond Bounty Hunter Erron Black
72%
Silver none Kung Jin
69%
Gold Shaolin Kung Jin
69%
Gold Bojutsu Kung Jin
69%
Gold Marksman Kung Jin
69%
Silver none Jacqui Briggs
63%
Gold Cybernetic Jacqui Briggs
63%
Gold High-Tech Jacqui Briggs
63%
Gold Bone Shaper Shinnok
63%
Gold Warlock Quan Chi
59%
Gold Triborg (LK-7T2) Smoke
58%
Gold Triborg (LK-4D4) Cyrax
56%
Bronze none Oni
54%
Gold Triborg (LK-9T9) Sektor
53%
Gold Kobu Jutsu Tanya
53%
Bronze none Lin Kuei
50%
Bronze none Monk
47%
Gold Unstoppable Jason Voorhees
46%
Gold Slasher Jason Voorhees
46%
Gold Relentless Jason Voorhees
46%
Bronze none Trooper
46%
Bronze none Shirai Ryu
45%
Bronze none Saurian
42%
Bronze none Sergeant
42%
Bronze none Osh-Tekk
35%
Gold Nightmare Freddy Krueger
30%
No matching quizzes found
Score Distribution
Percent of People with Each Score
Percentile by Number Answered
Your Score History
You have not taken this quiz